Eschatological prophet, Israel's Messiah, Yahweh embodied reflections on N.T. Wright's vision of the historical Jesus /

Saved in:
Bibliographic Details
Main Author: Eddy, Paul R.
Format: Manuscript
Language:English
Published: 1998.
Series:Evangelical Theological Society papers ; ETS-5040.
Subjects:
Tags: Add Tag
No Tags, Be the first to tag this record!
LEADER 00949ctm a2200241Ia 4500
001 011987366-4
005 20090529125145.0
008 990701s1998 xx bb 100 0 eng d
035 0 |a ocm41639689 
040 |a TDL  |c TDL  |d TE9  |d MRT  |d CFT 
050 4 |a BR21  |b .E93 no.5040 
082 0 4 |a 232.908  |b E21e 
100 1 |a Eddy, Paul R. 
245 1 0 |a Eschatological prophet, Israel's Messiah, Yahweh embodied  |h [microform] :  |b reflections on N.T. Wright's vision of the historical Jesus /  |c Paul Rhodes Eddy. 
260 |c 1998. 
300 |a 42 leaves. 
500 |a "Paper presented at the 50th National Conference [of the Evangelical Theological Society], Orlando, FL, November 19-21, 1998." 
504 |a Includes bibliographical references. 
600 1 0 |a Wright, N. T.  |q (Nicholas Thomas).  |t Jesus and the victory of God. 
600 0 0 |a Jesus Christ  |x Historicity. 
830 0 |a Evangelical Theological Society papers ;  |v ETS-5040. 
988 |a 20090529 
906 |0 OCLC